| 000 | 01805cam a22004934i 4500 | ||
|---|---|---|---|
| 003 | PE-LiUPU | ||
| 005 | 20250731172758.0 | ||
| 008 | 150617s1971 sp rb 000 0 spa d | ||
| 035 | _a(Sirsi) a12834 | ||
| 040 |
_aPE-LiUPU _bspa _cPE-LiUPU _erda |
||
| 049 | _aPRUA | ||
| 082 | 0 | 4 |
_a241.5 _bH76 _221 |
| 100 | 1 |
_aHortelano, A., _eautor. |
|
| 245 | 1 | 3 |
_aLa conciencia moral hoy / _cA. Hortelano, J. Endres, D. Capone. |
| 264 | 1 |
_aMadrid : _bEditorial PS, _c1971. |
|
| 300 |
_a182 páginas ; _c17 centímetros. |
||
| 336 |
_atext _2rdacontent |
||
| 337 |
_aunmediated _2rdamedia |
||
| 338 |
_avolume _2rdacarrier |
||
| 490 | 0 |
_aColección antropología y moral cristiana ; _v5 |
|
| 504 | _aIncluye bibliografía. | ||
| 505 | 0 | _aFalsas interpretaciones biológicas y sociológicas de la conciencia -- Fundación de la prudencia en el conocimiento de la realidad concreta y del verdadero bien -- Antropología conciencia y personalidad -- La superconciencia moral cristiana. | |
| 526 | _aSEG42 | ||
| 526 | _aSEG41 | ||
| 526 | _aSEG40 | ||
| 526 | _aSEG39 | ||
| 526 | _aP94 | ||
| 526 | _aP87 | ||
| 526 | _aP86 | ||
| 526 | _aP85 | ||
| 526 | _aP77 | ||
| 526 | _aP76 | ||
| 526 | _aP35 | ||
| 650 | 0 | 4 |
_aMoral cristiana. _93843 |
| 700 | 1 |
_aCapone, Domenico, _eautor. |
|
| 700 | 1 |
_aEndrés, Josef, _eautor. |
|
| 910 |
_ajck _bjvq _cjck _d20150616 |
||
| 942 |
_2ddc _cBOOK |
||
| 949 |
_a241.5 H76 _wDEWEY _c1 _i17502 _lCCODEBUL1 _mBUL _p00.00 _r0 _sY _tBOOK _u19791211 _xTEOLOGIA _PP35 _0COMPRA _o.STAFF. Colección General |
||
| 994 |
_aC0 _bPEPRU |
||
| 596 | _a1 | ||
| 999 |
_a241.5 H76 _wDEWEY _c3136 _i17502 _f2021-11-11 _g5 _lCCODEBUL1 _mBUL _p10.00 _r0 _sY _tBOOK _u2015-6-17 _xTEOLOGIA _PP35 _0COMPRA _o.STAFF. Colección Teología _d3136 |
||
| 980 |
_81 _gALBERTO SANCHEZ Responsable de Automatización |
||